Capitales d'Europe sur un itinéraire mystère aléatoire - Statistiques

Statistiques générales
  • Ce quiz a été pris 28 163 fois
    25 333 depuis la dernière actualisation
  • Le résultat moyen est 6 sur 12
Réponses sur la Carte
Les réponses sont colorées sur une échelle allant du rouge au vert en fonction du pourcentage des utilisateurs qui les ont devinées à leur premier essai. Vous pouvez retrouver ces pourcentages ci-dessous.
 
Statistiques - réponses
Route Capital % Correct
Itinéraire mystère Amsterdam
100%
Itinéraire mystère Andorre-la-Vieille
100%
Itinéraire mystère Berlin
100%
Itinéraire mystère Berne
100%
Itinéraire mystère Dublin
100%
Itinéraire mystère Kiev
100%
Itinéraire mystère La Valette
100%
Itinéraire mystère Lisbonne
100%
Itinéraire mystère Londres
100%
Itinéraire mystère Luxembourg
100%
Itinéraire mystère Madrid
100%
Itinéraire mystère Moscou
100%
Itinéraire mystère Moscou
100%
Itinéraire mystère Oslo
100%
Itinéraire mystère Paris
100%
Itinéraire mystère Prague
100%
Itinéraire mystère Reykjavik
100%
Itinéraire mystère Rome | Vatican
100%
Itinéraire mystère Sofia
100%
Itinéraire mystère Stockholm
100%
Itinéraire mystère Vienne
100%
Itinéraire mystère Vilnius
100%
Itinéraire mystère Copenhague
99%
Itinéraire mystère Helsinki
99%
r2 Madrid
99%
r8 Madrid
99%
r6 Oslo
99%
Itinéraire mystère Varsovie
99%
r22 Madrid
98%
r22 Lisbonne
97%
r17 Paris
97%
r8 Rome | Vatican
96%
r2 Dublin
95%
r24 Bruxelles
94%
r4 Reykjavik
94%
r6 Londres
93%
r18 Berne
92%
r6 Bruxelles
91%
r11 Lisbonne
91%
r11 Oslo
91%
r22 Amsterdam
90%
r24 Dublin
90%
r9 Amsterdam
89%
r14 Oslo
89%
r7 Amsterdam
88%
r25 Helsinki
86%
r19 Reykjavik
86%
r2 Stockholm
86%
r4 Varsovie
85%
r11 Andorre-la-Vieille
84%
r25 Berlin
84%
r10 Varsovie
84%
r8 Kiev
83%
r9 Oslo
83%
r24 Reykjavik
83%
r24 Lisbonne
82%
r23 Tallinn
82%
r25 Berne
81%
r11 Bruxelles
81%
r7 Reykjavik
81%
r18 Varsovie
81%
r6 Monaco
80%
r20 Bucarest
79%
r11 Berlin
78%
r17 Monaco
78%
r10 Copenhague
77%
r23 Kiev
77%
r23 Berlin
76%
r8 Londres
75%
r14 Londres
75%
r12 Budapest
74%
r23 Paris
74%
r24 Andorre-la-Vieille
73%
r14 Lisbonne
73%
r23 Berne
72%
r6 Copenhague
72%
r10 Kiev
72%
r13 La Valette
72%
r19 Andorre-la-Vieille
70%
r3 Bratislava
70%
r3 Minsk
68%
r1 Tirana
68%
r12 Varsovie
68%
r21 Zagreb
68%
r19 Monaco
67%
r4 Sofia
67%
r8 Andorre-la-Vieille
66%
r7 Prague
66%
r22 Riga
66%
r11 Budapest
65%
r16 Budapest
65%
r23 Monaco
65%
r22 Berlin
64%
r12 Bruxelles
64%
r17 Copenhague
64%
r18 Tallinn
64%
r8 Dublin
63%
r25 Saint-Marin
62%
r4 Bucarest
61%
r18 Luxembourg
61%
r3 Helsinki
60%
r15 Saint-Marin
60%
r6 Vienne
59%
r4 La Valette
58%
r18 Oslo
58%
r3 Bruxelles
57%
r1 Saint-Marin
57%
r2 Sarajevo
56%
r20 Sarajevo
56%
r5 Vaduz
56%
r3 Londres
54%
r5 Rome | Vatican
54%
r24 Vaduz
54%
r10 Chișinău
53%
r17 Helsinki
52%
r3 Lisbonne
52%
r10 Moscou
52%
r13 Zagreb
52%
r21 Chișinău
51%
r9 Saint-Marin
50%
r23 Saint-Marin
50%
r19 Vaduz
50%
r4 Zagreb
50%
r1 Belgrade
49%
r3 Berne
49%
r18 Helsinki
49%
r20 Vienne
49%
r16 Chișinău
48%
r17 Kiev
48%
r15 Ljubljana
48%
r10 Stockholm
48%
r4 Rome | Vatican
47%
r22 Ljubljana
46%
r4 Madrid
46%
r21 Stockholm
46%
r6 Zagreb
46%
r10 Amsterdam
45%
r17 Berlin
45%
r12 Ljubljana
45%
r11 Podgorica
45%
r19 Prague
45%
r25 Sarajevo
45%
r15 Vienne
45%
r7 Vilnius
45%
r8 Vilnius
45%
r16 Bucarest
44%
r16 Madrid
44%
r20 Monaco
44%
r4 Paris
44%
r11 Athènes
43%
r5 Budapest
43%
r15 Copenhague
43%
r16 Dublin
43%
r20 Rome | Vatican
43%
r21 Varsovie
43%
r10 Londres
42%
r2 Vaduz
42%
r16 Amsterdam
41%
r10 Dublin
41%
r8 Helsinki
41%
r9 Prague
41%
r12 Zagreb
41%
r8 Moscou
40%
r21 Paris
40%
r1 Pristina
40%
r21 Rome | Vatican
40%
r13 Sarajevo
40%
r24 Tirana
40%
r2 Berlin
39%
r10 La Valette
39%
r23 Ljubljana
39%
r21 Luxembourg
39%
r15 Riga
39%
r25 Tirana
39%
r3 Ljubljana
38%
r15 Moscou
38%
r2 Paris
38%
r18 Sofia
37%
r8 Athènes
36%
r25 Athènes
36%
r5 Chișinău
36%
r21 Saint-Marin
36%
r6 Tirana
36%
r20 Tirana
36%
r10 Athènes
35%
r13 Budapest
35%
r14 Podgorica
35%
r1 Riga
35%
r7 Sofia
35%
r12 Sofia
35%
r7 Athènes
34%
r18 Athènes
34%
r1 Moscou
34%
r24 Belgrade
33%
r4 Prague
33%
r1 Tallinn
33%
r19 Zagreb
33%
r15 Budapest
32%
r11 Riga
32%
r16 Vaduz
32%
r1 Amsterdam
30%
r17 Belgrade
30%
r22 Bratislava
30%
r13 Bucarest
30%
r14 Pristina
30%
r2 Saint-Marin
30%
r9 Sarajevo
30%
r20 Skopje
30%
r6 Belgrade
29%
r21 Tirana
29%
r24 Varsovie
29%
r4 Budapest
28%
r20 La Valette
28%
r16 Ljubljana
28%
r25 Podgorica
28%
r12 Skopje
28%
r18 Skopje
28%
r11 Stockholm
28%
r2 Athènes
27%
r21 Athènes
27%
r15 Belgrade
27%
r23 Bratislava
27%
r8 Bucarest
27%
r18 La Valette
26%
r1 Luxembourg
26%
r20 Madrid
26%
r22 Minsk
26%
r21 Moscou
26%
r16 Oslo
26%
r5 Podgorica
26%
r11 Reykjavik
26%
r14 Riga
26%
r5 Lisbonne
25%
r18 Lisbonne
25%
r19 Sarajevo
25%
r12 Andorre-la-Vieille
24%
r15 La Valette
24%
r13 Stockholm
24%
r14 Tallinn
24%
r5 Berne
23%
r2 Chișinău
23%
r13 Copenhague
23%
r15 Rome | Vatican
23%
r23 Sofia
23%
r7 Vaduz
23%
r1 Vienne
23%
r14 Helsinki
22%
r3 Podgorica
22%
r16 Bratislava
21%
r20 Bruxelles
21%
r25 Bucarest
21%
r9 Podgorica
21%
r12 Reykjavik
21%
r24 Vilnius
21%
r19 Belgrade
20%
r13 Luxembourg
20%
r2 Minsk
20%
r13 Paris
20%
r1 Andorre-la-Vieille
19%
r14 Copenhague
19%
r15 Luxembourg
19%
r16 Minsk
19%
r17 Podgorica
19%
r24 Tallinn
19%
r7 Vienne
19%
r14 Berlin
18%
r13 Monaco
18%
r5 Riga
18%
r20 Tallinn
18%
r3 Pristina
17%
r9 Skopje
17%
r23 Skopje
17%
r6 Vilnius
17%
r7 Bruxelles
16%
r6 Kiev
16%
r5 Minsk
16%
r14 Prague
16%
r22 Pristina
16%
r25 Vienne
16%
r12 Copenhague
15%
r9 Minsk
15%
r25 Minsk
15%
r12 Moscou
15%
r17 Pristina
15%
r19 Bratislava
14%
r7 Luxembourg
14%
r5 Tallinn
14%
r13 Vaduz
14%
r22 Belgrade
13%
r5 Dublin
13%
r3 Chișinău
12%
r19 Kiev
12%
r7 Monaco
12%
r17 Sofia
12%
r9 Vilnius
12%
r17 Bucarest
11%
r19 Londres
10%
r22 Sarajevo
10%
r9 Bratislava
9%
r9 Stockholm
6%
Aucun quiz correspondant
Distribution des résultats
% des personnes avec chaque résultat
Percentile par nombre de réponses
Votre historique - résultats
Vous n’avez pas pris ce quiz depuis la dernière actualisation